Statistics for Regions of Belarus

Click here to take the quiz!

General Stats

  • This quiz has been taken 19 times
  • The average score is 3 of 6

Answer Stats

Answer% Correct
Minsk
100%
Brest
76%
Hrodna
29%
Homiel
24%
Viciebsk
24%
Mahiloŭ
18%

Score Distribution

Percentile by Number Answered

Percent of People with Each Score

Your Score History

You have not taken this quiz